000 00458cam a22001934a 4500
005 20250605164314.0
008 250528s ||||||||||||||||||||||||d
035 _a22620
020 _a9780201627442
040 _aGR-AtMCL
_bgre
_dGR-AtMCL
_eAACR2
245 1 _aCASES IN MARKETING MANAGEMENT
250 _a2
260 _bAllyn And Bacon,
_c1995
300 _a390
700 1 _aMoutinho Luiz
_91710
942 _cBK
999 _c7668
_d7668